书目信息 |
| 题名: |
维C, 今天你吃了吗?
|
|
| 作者: | 张科生 , 黄山鹰 著 | |
| 分册: | ||
| 出版信息: | 西安 陕西师范大学出版社 2004.05 |
|
| 页数: | 179页 | |
| 开本: | 21cm | |
| 丛书名: | 健康新思维丛书 | |
| 单 册: | ||
| 中图分类: | Q564-49 | |
| 科图分类: | ||
| 主题词: | 维生素C--wei sheng su C--普及读物 | |
| 电子资源: | ||
| ISBN: | 7-5613-2906-7 | |
| 000 | 01055nam 2200277 450 | |
| 001 | 012007499607 | |
| 005 | 20070515161919.35 | |
| 010 | @a7-5613-2906-7@dCNY12.80 | |
| 100 | @a20070108d2004 km y0chiy0120 ea | |
| 101 | 0 | @achi |
| 102 | @aCN@b610000 | |
| 105 | @aac a 000yy | |
| 200 | 1 | @a维C, 今天你吃了吗?@Awei C,jin tian ni chi le ma?@e维生素C的故事@f张科生, 黄山鹰著@Fzhang ke sheng,huang shan ying zhu |
| 210 | @a西安@c陕西师范大学出版社@d2004.05 | |
| 215 | @a179页@c图, 肖像@d21cm | |
| 225 | 2 | @a健康新思维丛书@Ajian kang xin si wei cong shu |
| 320 | @a有书目 (第177-179页)。 | |
| 330 | @a本书包括,序言:寻回人类遗失的“护身法宝”;正文:维生素C的“五大发现”、维生素C的奇妙功效、维生素C的使用方法等三章;结语:关于正分子医学。 | |
| 410 | 0 | @12001 @a健康新思维丛书 |
| 517 | 1 | @a维生素C的故事@Awei sheng su C de gu shi |
| 606 | 0 | @a维生素C@Awei sheng su C@j普及读物 |
| 690 | @aQ564-49@v4 | |
| 701 | 0 | @a张科生@Azhang ke sheng@4著 |
| 701 | 0 | @a黄山鹰@Ahuang shan ying@4著 |
| 801 | 0 | @aCN@c20070515 |
| 905 | @a10447@dQ564-49@eZ136 | |
| 维C, 今天你吃了吗?:维生素C的故事/张科生, 黄山鹰著.-西安:陕西师范大学出版社,2004.05 |
| 179页:图, 肖像;21cm.-(健康新思维丛书) |
| ISBN 7-5613-2906-7:CNY12.80 |
| 本书包括,序言:寻回人类遗失的“护身法宝”;正文:维生素C的“五大发现”、维生素C的奇妙功效、维生素C的使用方法等三章;结语:关于正分子医学。 |
| ● |
| 相关链接 |
|
|
|
正题名:维C, 今天你吃了吗?
索取号:Q564-49/Z136
 
预约/预借
| 序号 | 登录号 | 条形码 | 馆藏地/架位号 | 状态 | 备注 |
| 1 | 234630 | 202346309 | 自科库401/401自科库 30排2列2层/ [索取号:Q564-49/Z136] | 在馆 | |
| 2 | 234631 | 202346318 | 自科库401/401自科库 30排2列2层/ [索取号:Q564-49/Z136] | 在馆 | |
| 3 | 234632 | 202346327 | 自科库401/401自科库 30排2列2层/ [索取号:Q564-49/Z136] | 在馆 |